000 00459nam a22001937a 4500
003 MPLRDC
005 20220104113823.0
008 210129b ||||| |||| 00| 0 eng d
020 _a957-560-136-X
082 _a848.2 SMZY-5
100 _a司马中原著
245 _a寒食雨
_c
250 _a初版十印
260 _a
_b九歌出版社
_c1992
300 _b
490 _a九歌文库;207
650 _a现代别集
942 _cBK
_o848.2 SMZY-5
999 _c2612
_d2602